[Event "9. Forchheimer Sparkassen Open 2010"]
[Site "Forchheim"]
[Date "2010.10.01"]
[Round "1.2"]
[White "Wagner, Dennis"]
[Black "Singer, Christoph"]
[Result "1-0"]
[WhiteElo "2166"]
[BlackElo "2369"]
[PlyCount "103"]
[EventDate "2010.??.??"]
[WhiteTeam "Kasseler SK 1876"]
[BlackTeam "SC Tarrasch 45 München"]

1. e4 e5 2. Nf3 Nc6 3. Bb5 a6 4. Ba4 Nf6 5. O-O Be7 6. Re1 b5 7. Bb3 d6 8. c3
O-O 9. d4 Bg4 10. d5 Na5 11. Bc2 c6 12. h3 Bd7 13. Nxe5 dxe5 14. d6 Be6 15.
dxe7 Qxe7 16. Nd2 Rfd8 17. Qe2 Ra7 18. Nf3 Nd7 19. b3 f6 20. Be3 Raa8 21. Nh4
g6 22. Nf3 c5 23. Nh2 Nc6 24. Ng4 b4 25. cxb4 Nxb4 26. Bd3 Nxd3 27. Qxd3 c4 28.
bxc4 Nb6 29. Qc3 Nxc4 30. Bh6 Rac8 31. Qf3 Bxg4 32. Qxg4 Na3 33. Red1 Nb5 34.
Rd5 Nd4 35. Rb1 Kf7 36. Rb6 Rc6 37. Rxc6 Nxc6 38. Rxd8 Qxd8 39. Qe2 Qd4 40. Qc2
Nb4 41. Qc7+ Ke8 42. Qc8+ Qd8 43. Qc4 Qd6 44. Qg8+ Kd7 45. Bf8 Qd1+ 46. Kh2 Nc2
47. Qxh7+ Kc6 48. Qxg6 Nd4 49. Qxf6+ Kb5 50. Qxe5+ Kc4 51. Bg7 Ne2 52. Qd5+ 1-0

[Event "9. Forchheimer Sparkassen Open 2010"]
[Site "Forchheim"]
[Date "2010.10.01"]
[Round "1.3"]
[White "Seyb, Alexander"]
[Black "Krockenberger, Martin"]
[Result "1-0"]
[WhiteElo "2294"]
[BlackElo "2187"]
[PlyCount "115"]
[EventDate "2010.??.??"]
[WhiteTeam "SC Forchheim e.V."]
[BlackTeam "SK Schmiden/Cannstatt"]

1. e4 e5 2. Nf3 Nc6 3. Bb5 a6 4. Ba4 Nf6 5. O-O Be7 6. Re1 b5 7. Bb3 d6 8. c3
O-O 9. h3 Na5 10. Bc2 c5 11. d4 Qc7 12. Nbd2 Nc6 13. d5 Nd8 14. a4 Rb8 15. axb5
axb5 16. b4 Bd7 17. bxc5 Qxc5 18. Ba3 Qxc3 19. Re3 Qc7 20. Bb4 Nb7 21. Nxe5
Rfc8 22. Rc3 Qb6 23. Nb3 Rxc3 24. Nxd7 Nxd7 25. Bxc3 Bf6 26. Bxf6 Nxf6 27. Qd4
Qxd4 28. Nxd4 Nc5 29. Nc6 Re8 30. f3 Nfd7 31. Ra5 f5 32. exf5 Re2 33. Nb4 Nf6
34. Rxb5 Nh5 35. Rb6 Nf4 36. Rxd6 Rxg2+ 37. Kf1 Rd2 38. Ke1 Re2+ 39. Kd1 Re5
40. Rc6 Nxd5 41. Rxc5 Ne3+ 42. Ke2 Rxc5 43. Kxe3 Kf8 44. Be4 Rc1 45. Nd3 Rh1
46. Nf2 Re1+ 47. Kf4 Rf1 48. Ng4 Rh1 49. Kg3 Rg1+ 50. Kh2 Ra1 51. h4 h6 52. h5
Ra2+ 53. Kg3 Ra1 54. f6 gxf6 55. Nxh6 Rh1 56. Bg6 Kg7 57. Ng4 f5 58. Ne3 1-0

[Event "9. Forchheimer Sparkassen Open 2010"]
[Site "Forchheim"]
[Date "2010.10.01"]
[Round "1.4"]
[White "Weidel, Albrecht"]
[Black "Schramm, Christian"]
[Result "1/2-1/2"]
[WhiteElo "2129"]
[BlackElo "2288"]
[PlyCount "38"]
[EventDate "2010.??.??"]
[TimeControl "300"]

1. d4 d6 2. c4 e5 3. e3 Nc6 4. Nf3 Nf6 5. Nc3 g6 6. Be2 Bg7 7. O-O O-O 8. b3
Re8 9. d5 Nb8 10. e4 Nh5 11. Bg5 f6 12. Bh4 Nf4 13. Ne1 h5 14. f3 Bh6 15. Nd3
Na6 16. Nxf4 Bxf4 17. a3 Be3+ 18. Bf2 Bg5 19. b4 Rf8 1/2-1/2

[Event "9. Forchheimer Sparkassen Open 2010"]
[Site "Forchheim"]
[Date "2010.10.01"]
[Round "1.5"]
[White "Schöne, Ralf"]
[Black "Turner, Radek"]
[Result "1-0"]
[WhiteElo "2268"]
[BlackElo "2119"]
[PlyCount "63"]
[EventDate "2010.??.??"]
[TimeControl "300"]

1. d4 Nf6 2. c4 c5 3. d5 e6 4. Nc3 exd5 5. cxd5 d6 6. g3 g6 7. Bg2 Bg7 8. Nf3
O-O 9. O-O a6 10. a4 Nbd7 11. Nd2 Re8 12. a5 Rb8 13. Nc4 Qc7 14. h3 b5 15. axb6
Nxb6 16. Na5 Bd7 17. Nc6 Ra8 18. g4 Bxc6 19. dxc6 Red8 20. g5 Ne8 21. Nd5 Nxd5
22. Bxd5 Rdb8 23. Ra4 Rb6 24. Rf4 Ra7 25. Rxf7 Qxf7 26. Bxf7+ Rxf7 27. Qd5 Kf8
28. e4 Ke7 29. e5 Bxe5 30. Re1 Nc7 31. Rxe5+ dxe5 32. Qxc5+ 1-0

[Event "9. Forchheimer Sparkassen Open 2010"]
[Site "Forchheim"]
[Date "2010.10.01"]
[Round "1.6"]
[White "Grosshans, Ralf-Michael"]
[Black "Golda, Harald"]
[Result "0-1"]
[WhiteElo "2175"]
[BlackElo "2315"]
[PlyCount "68"]
[EventDate "2010.??.??"]
[WhiteTeam "SC Forchheim e.V."]
[BlackTeam "Schachklub Schweinfurt 2000 e.V."]

1. e4 c5 2. Nc3 Nc6 3. g3 Nf6 4. Bg2 d6 5. d3 g6 6. f4 Bg7 7. Nf3 O-O 8. O-O
Nd4 9. h3 Nxf3+ 10. Qxf3 Bd7 11. e5 Ne8 12. Qxb7 Rb8 13. Qe4 Bf5 14. Qe2 dxe5
15. g4 Bc8 16. f5 Bb7 17. Ne4 Bxe4 18. dxe4 Qd4+ 19. Rf2 Rxb2 20. Bxb2 Qxb2 21.
Rff1 Bh6 22. Rab1 Qxa2 23. Ra1 Qb2 24. Rxa7 Bg5 25. Ra8 Nd6 26. Rxf8+ Kxf8 27.
fxg6 hxg6 28. Qf2 Qc3 29. Kh1 f6 30. Bf3 Nxe4 31. Qe1 Nd2 32. h4 Bf4 33. g5
Qxc2 34. Qe2 Qf5 0-1

[Event "9. Forchheimer Sparkassen Open 2010"]
[Site "Forchheim"]
[Date "2010.10.01"]
[Round "1.7"]
[White "Holzhäuer, Mathias"]
[Black "Miller, Eduard"]
[Result "1-0"]
[WhiteElo "2284"]
[BlackElo "2110"]
[PlyCount "77"]
[EventDate "2010.??.??"]
[WhiteTeam "SK Schmiden/Cannstatt"]
[BlackTeam "SC Forchheim e.V."]

1. e4 c5 2. Nc3 a6 3. f4 b5 4. Nf3 Bb7 5. d3 e6 6. Be2 d5 7. e5 h5 8. d4 Nh6 9.
Be3 Nf5 10. Bf2 Qb6 11. a4 b4 12. a5 Qc7 13. Na4 c4 14. Nb6 Ra7 15. Nh4 Nxh4
16. Bxh4 Nc6 17. f5 Nxa5 18. fxe6 Qxb6 19. exf7+ Kd7 20. O-O Nc6 21. e6+ Kc8
22. c3 Kb8 23. Bxh5 Bc8 24. Qe2 Ne7 25. Bg3+ Ka8 26. Bg4 b3 27. Qe5 Rb7 28. Ra4
Qc6 29. Rfa1 Rb6 30. Ra5 Ka7 31. Rc5 Qa8 32. Qc7+ Bb7 33. Bd6 Rxd6 34. Qxd6 Ng6
35. Qc7 Bxc5 36. Qxc5+ Kb8 37. e7 Nxe7 38. Qxe7 Ka7 39. Qc5+ 1-0

[Event "9. Forchheimer Sparkassen Open 2010"]
[Site "Forchheim"]
[Date "2010.10.01"]
[Round "1.8"]
[White "Gegenfurtner, Jürgen"]
[Black "Donchenko, Alexander"]
[Result "1/2-1/2"]
[WhiteElo "2116"]
[BlackElo "2204"]
[PlyCount "61"]
[EventDate "2010.??.??"]
[WhiteTeam "TSV Wacker Neutraubling"]
[BlackTeam "SK 1858 Gießen"]

1. e4 c5 2. Nf3 d6 3. d4 cxd4 4. Nxd4 Nf6 5. Nc3 a6 6. Bg5 e6 7. Qe2 Nbd7 8.
O-O-O Qc7 9. g4 Be7 10. Bd2 h6 11. h4 b5 12. a3 Bb7 13. Bg2 Ne5 14. g5 hxg5 15.
hxg5 Rxh1 16. Rxh1 Nfd7 17. f4 Qc4 18. Qf2 Qc5 19. fxe5 dxe5 20. Rf1 exd4 21.
Qxf7+ Kd8 22. Nd5 exd5 23. Ba5+ Nb6 24. Qe6 Qd6 25. Bxb6+ Ke8 26. Qf7+ Kd7 27.
Ba5 Qg3 28. Qf5+ Ke8 29. Qf7+ Kd7 30. Qf5+ Ke8 31. Qf7+ 1/2-1/2

[Event "9. Forchheimer Sparkassen Open 2010"]
[Site "Forchheim"]
[Date "2010.10.01"]
[Round "1.9"]
[White "Löw, Gerald"]
[Black "Walter, Thomas"]
[Result "0-1"]
[WhiteElo "2263"]
[BlackElo "2109"]
[PlyCount "69"]
[EventDate "2010.??.??"]
[WhiteTeam "TSV Bindlach Aktionär-Schachabte"]
[BlackTeam "SC Erlangen 48/88"]

1. c4 b6 2. Nc3 f5 3. e4 e5 4. exf5 Nf6 5. Nf3 Nc6 6. d4 exd4 7. Nxd4 Nxd4 8.
Qxd4 Bc5 9. Qd3 Bb7 10. Be2 O-O 11. O-O Qe7 12. Bf4 Rae8 13. Rad1 Ne4 14. Nd5
Qh4 15. g3 Qh3 16. Bf3 Rxf5 17. Bg2 Nxf2 18. Rxf2 Bxf2+ 19. Kxf2 Qh5 20. Re1
Rxe1 21. Kxe1 Qe8+ 22. Kd2 Rf8 23. Nxc7 Qc8 24. Bxb7 Qxb7 25. Qd5+ Qxd5+ 26.
Nxd5 g5 27. Be3 h6 28. Ke2 Kf7 29. b3 Ke6 30. Bd4 Rf7 31. g4 d6 32. h3 b5 33.
Ne3 bxc4 34. Nxc4 Kd5 35. Bf2 0-1

[Event "9. Forchheimer Sparkassen Open 2010"]
[Site "Forchheim"]
[Date "2010.10.01"]
[Round "1.11"]
[White "Promyshlyanskiy, Vitaliy"]
[Black "Martin Fernandez, Rodrigo"]
[Result "1/2-1/2"]
[WhiteElo "2237"]
[BlackElo "2169"]
[PlyCount "62"]
[EventDate "2010.??.??"]
[WhiteTeam "SC Noris-Tarrasch Nürnberg 1873"]
[BlackTeam "SC Erlangen 48/88"]

1. e4 c5 2. Nc3 e6 3. f4 d5 4. Bb5+ Bd7 5. Qe2 d4 6. Bxd7+ Nxd7 7. Nd1 Ngf6 8.
Nf3 Be7 9. O-O O-O 10. a4 Rc8 11. d3 Nb8 12. Bd2 Nc6 13. Nf2 Qb6 14. g4 Nb4 15.
Rac1 Rfd8 16. Ne5 Nd7 17. Nc4 Qc6 18. b3 a6 19. a5 b5 20. axb6 Nxb6 21. Na5 Qd7
22. g5 Qb5 23. Bxb4 cxb4 24. Ra1 e5 25. h4 exf4 26. Ng4 Bxg5 27. hxg5 Qxg5 28.
Kh1 Qh5+ 29. Kg1 Qg5 30. Kh1 Qh5+ 31. Kg1 Qg5 1/2-1/2

[Event "9. Forchheimer Sparkassen Open 2010"]
[Site "Forchheim"]
[Date "2010.10.01"]
[Round "1.12"]
[White "Bachstein, Dustin"]
[Black "Heimrath, Reiner"]
[Result "0-1"]
[WhiteElo "2078"]
[BlackElo "2175"]
[PlyCount "42"]
[EventDate "2010.??.??"]
[TimeControl "300"]

1. e4 d6 2. Nc3 g6 3. d4 Bg7 4. Be3 Nf6 5. Be2 c6 6. Nf3 b5 7. a3 O-O 8. O-O
Nbd7 9. Qd2 Re8 10. Rad1 Qc7 11. d5 a6 12. dxc6 Qxc6 13. Nd4 Qc7 14. f4 Bb7 15.
Bf3 Nb6 16. Qe2 Nc4 17. Bc1 e5 18. Nb3 exf4 19. Bxf4 Nxb2 20. Nxb5 axb5 21. Nd4
Nxd1 0-1

[Event "9. Forchheimer Sparkassen Open 2010"]
[Site "Forchheim"]
[Date "2010.10.01"]
[Round "1.14"]
[White "Walter, Florian"]
[Black "Grafe, Wilhelm"]
[Result "1/2-1/2"]
[WhiteElo "2069"]
[BlackElo "2159"]
[PlyCount "29"]
[EventDate "2010.??.??"]
[TimeControl "300"]

1. Nf3 Nf6 2. c4 g6 3. g3 Bg7 4. Bg2 O-O 5. O-O c5 6. Nc3 Nc6 7. Rb1 d5 8. b3
b6 9. Bb2 e6 10. d4 cxd4 11. Nxd4 Nxd4 12. Qxd4 Bb7 13. Rfd1 Qb8 14. cxd5 Nxd5
15. Qd2 1/2-1/2

[Event "9. Forchheimer Sparkassen Open 2010"]
[Site "Forchheim"]
[Date "2010.10.01"]
[Round "1.15"]
[White "Klek, Hanna Marie"]
[Black "Fuchs, Gerhard"]
[Result "1-0"]
[WhiteElo "2169"]
[BlackElo "2057"]
[PlyCount "87"]
[EventDate "2010.??.??"]
[WhiteTeam "SC Erlangen 48/88"]
[BlackTeam "SK Nürnberg 1911 e.V."]

1. e4 e5 2. Nf3 Nc6 3. Bc4 Bc5 4. O-O d6 5. c3 Bg4 6. b4 Bb6 7. a4 a6 8. d3 Nf6
9. Bg5 h6 10. Bh4 g5 11. Bg3 Qd7 12. Nbd2 O-O 13. Qb3 Nh5 14. a5 Ba7 15. b5
axb5 16. Bxb5 Qc8 17. Bxc6 bxc6 18. Qc4 Qd7 19. d4 Nxg3 20. hxg3 d5 21. Qa4
exd4 22. Ne5 Qe6 23. cxd4 Be2 24. Rfe1 Bb5 25. Qb4 Rab8 26. Rac1 Rfe8 27. exd5
Qxd5 28. Ndf3 Kg7 29. Qc3 Re6 30. Ng4 Rxe1+ 31. Rxe1 Rd8 32. Ne3 Qd7 33. g4 Re8
34. Nf5+ Kh7 35. d5 Rxe1+ 36. Nxe1 f6 37. Qxf6 cxd5 38. Qxh6+ Kg8 39. Qxg5+ Kf7
40. Qg7+ Ke6 41. Qg6+ Ke5 42. Nf3+ Kf4 43. Qg5+ Ke4 44. Ng3+ 1-0

[Event "9. Forchheimer Sparkassen Open 2010"]
[Site "Forchheim"]
[Date "2010.10.01"]
[Round "1.16"]
[White "Osmanovic, Faruk"]
[Black "Mons, Leon"]
[Result "0-1"]
[WhiteElo "2118"]
[BlackElo "2178"]
[PlyCount "106"]
[EventDate "2010.??.??"]
[WhiteTeam "SC Blau.Turm Bad Wimpfen"]
[BlackTeam "SC Forchheim e.V."]

1. e4 g6 2. d4 Bg7 3. Nc3 d6 4. f4 a6 5. Nf3 b5 6. Bd3 Nd7 7. O-O c5 8. Be3
cxd4 9. Nxd4 Bb7 10. Nf3 Ngf6 11. Kh1 b4 12. Nd5 Nxd5 13. exd5 Bxd5 14. Be2 Bb7
15. Bd4 Nf6 16. Qd2 Rb8 17. Qxb4 Bxf3 18. Qa4+ Qd7 19. Qxd7+ Nxd7 20. Bxg7 Bxe2
21. Bxh8 Bxf1 22. Rxf1 f6 23. Bg7 Rxb2 24. g4 Kf7 25. Bh6 Rxc2 26. Ra1 Nc5 27.
Kg1 Ne4 28. f5 g5 29. Rb1 Rc8 30. Rb7 d5 31. Rd7 Nd6 32. h4 Ke8 33. Ra7 Nf7 34.
hxg5 Nxh6 35. gxh6 Rc4 36. Ra8+ Kd7 37. Ra7+ Ke8 38. Ra8+ Kf7 39. Rh8 Rxg4+ 40.
Kf2 Rf4+ 41. Ke3 Rxf5 42. Rxh7+ Kg6 43. Rh8 Rh5 44. Ra8 e5 45. Rxa6 Rxh6 46.
Rd6 Rh3+ 47. Kd2 Rh2+ 48. Kd3 Rxa2 49. Rxd5 Kf5 50. Rb5 Kf4 51. Rb1 e4+ 52. Kc3
e3 53. Rb4+ Kf3 0-1

[Event "9. Forchheimer Sparkassen Open 2010"]
[Site "Forchheim"]
[Date "2010.10.01"]
[Round "1.18"]
[White "Auburger, Philipp"]
[Black "Willim, Michael"]
[Result "1/2-1/2"]
[WhiteElo "1936"]
[BlackElo "2134"]
[PlyCount "57"]
[EventDate "2010.??.??"]
[WhiteTeam "SC Forchheim e.V."]
[BlackTeam "SC Erlangen 48/88"]

1. e4 e6 2. d4 d5 3. exd5 exd5 4. Nf3 Bd6 5. c4 c6 6. Nc3 Ne7 7. h3 O-O 8. Bd3
dxc4 9. Bxc4 Bf5 10. O-O Nd7 11. Re1 Nb6 12. Bb3 Nbd5 13. Bg5 f6 14. Bh4 Kh8
15. a3 Qd7 16. Ne4 Bxe4 17. Rxe4 Nf5 18. g4 Nh6 19. Qd2 f5 20. Ne5 Qc8 21. g5
fxe4 22. gxh6 Qxh3 23. hxg7+ Kxg7 24. Qg5+ Kh8 25. Ng6+ hxg6 26. Qh6+ Kg8 27.
Qxg6+ Kh8 28. Qh6+ Kg8 29. Qg6+ 1/2-1/2

[Event "9. Forchheimer Sparkassen Open 2010"]
[Site "Forchheim"]
[Date "2010.10.01"]
[Round "1.19"]
[White "Jacobi, Robin"]
[Black "Egert, Stefan"]
[Result "1-0"]
[WhiteElo "2066"]
[BlackElo "2018"]
[PlyCount "83"]
[EventDate "2010.??.??"]
[WhiteTeam "SV Empor Erfurt"]
[BlackTeam "TSV Dietfurt/Altm. e.V."]

1. Nf3 Nf6 2. g3 g6 3. Bg2 Bg7 4. O-O O-O 5. d4 d5 6. c4 c6 7. cxd5 cxd5 8. Nc3
Nc6 9. Ne5 Nxe5 10. dxe5 Ng4 11. Qxd5 Bxe5 12. h3 Bxc3 13. bxc3 Qxd5 14. Bxd5
Nf6 15. Bg2 e5 16. Rb1 Rb8 17. Ba3 Re8 18. Bd6 Ra8 19. Rfd1 e4 20. Rd4 b6 21.
g4 h6 22. f4 Bb7 23. c4 Rac8 24. e3 Nd7 25. Bf1 Nc5 26. h4 Ba6 27. Rb4 Bb7 28.
g5 Ne6 29. Rd2 hxg5 30. hxg5 Ng7 31. Bh3 Rcd8 32. c5 Bc8 33. Bxc8 Rxc8 34. cxb6
axb6 35. Be5 Rc1+ 36. Kf2 Rc6 37. Rxe4 Ne6 38. Bf6 Ra8 39. Rb4 Nc5 40. Kf3 Ne6
41. Rh2 Ng7 42. Bd4 1-0

[Event "9. Forchheimer Sparkassen Open 2010"]
[Site "Forchheim"]
[Date "2010.10.01"]
[Round "1.20"]
[White "Wohlfahrt, Frank"]
[Black "Andraschko, Felix"]
[Result "0-1"]
[WhiteElo "2023"]
[BlackElo "2068"]
[PlyCount "58"]
[EventDate "2010.??.??"]
[WhiteTeam "SGem Siemens Erlangen e.V."]
[BlackTeam "SC Leinfelden"]

1. Nf3 c5 2. c4 Nf6 3. d4 cxd4 4. Nxd4 e6 5. Nc3 Nc6 6. Ndb5 d5 7. cxd5 Nxd5 8.
Nxd5 exd5 9. Qxd5 Bb4+ 10. Bd2 Qe7 11. Nc3 O-O 12. Bg5 Bxc3+ 13. bxc3 Qa3 14.
Qb3 Qa5 15. Bd2 Rd8 16. Qb2 Ne5 17. e4 Be6 18. c4 Qc7 19. Bc3 Nxc4 20. Bxc4
Qxc4 21. f3 f6 22. Kf2 Qc5+ 23. Kg3 Rd3 24. Rhc1 Qg5+ 25. Kf2 Rad8 26. Rc2 Qh4+
27. Ke2 Bc4 28. Be1 Rd2+ 29. Ke3 R8d3# 0-1

[Event "9. Forchheimer Sparkassen Open 2010"]
[Site "Forchheim"]
[Date "2010.10.01"]
[Round "1.21"]
[White "Nigmatulin, Anatoly"]
[Black "Kuhmann, Peter"]
[Result "1/2-1/2"]
[WhiteElo "2000"]
[BlackElo "1934"]
[PlyCount "31"]
[EventDate "2010.??.??"]
[TimeControl "300"]

1. e4 d5 2. exd5 Nf6 3. Bb5+ Bd7 4. Be2 Nxd5 5. d4 Bf5 6. Nf3 e6 7. O-O Be7 8.
c4 Nb4 9. Na3 c5 10. Be3 Nd7 11. Qb3 cxd4 12. Nxd4 Be4 13. Nac2 Nxc2 14. Nxc2
O-O 15. Rfd1 Qc7 16. Nd4 1/2-1/2

[Event "9. Forchheimer Sparkassen Open 2010"]
[Site "Forchheim"]
[Date "2010.10.01"]
[Round "1.22"]
[White "Straschewski, Jörg"]
[Black "Meulner, Klaus"]
[Result "1/2-1/2"]
[WhiteElo "2041"]
[BlackElo "2188"]
[PlyCount "39"]
[EventDate "2010.??.??"]
[WhiteTeam "TSV Cadolzburg e.V."]
[BlackTeam "SW Nürnberg Süd e.V."]

1. d4 d5 2. c4 c6 3. cxd5 cxd5 4. Nc3 Nf6 5. Nf3 Nc6 6. Bf4 a6 7. Ne5 Bf5 8. e3
Qb6 9. a3 h6 10. Na4 Qa7 11. Nxc6 bxc6 12. Rc1 Qb7 13. Be2 Nd7 14. O-O g5 15.
Bg3 Bg7 16. f4 Be4 17. Bd3 Bxd3 18. Qxd3 O-O 19. fxg5 hxg5 20. Rc2 1/2-1/2

[Event "9. Forchheimer Sparkassen Open 2010"]
[Site "Forchheim"]
[Date "2010.10.01"]
[Round "1.23"]
[White "Kvetny, Mark"]
[Black "Ott, Florian"]
[Result "1-0"]
[WhiteElo "1984"]
[BlackElo "1849"]
[PlyCount "73"]
[EventDate "2010.??.??"]
[WhiteTeam "SV Altbach e.V."]
[BlackTeam "SG Siemens Amberg"]

1. d4 d6 2. c4 g6 3. Nc3 Bg7 4. e4 Nf6 5. Be2 O-O 6. Nf3 e5 7. O-O Nc6 8. d5
Ne7 9. Ne1 Nd7 10. Nd3 f5 11. Bd2 Nf6 12. f3 f4 13. c5 g5 14. cxd6 cxd6 15. Nf2
h5 16. h3 Rf7 17. Qc2 Bf8 18. Nb5 Ne8 19. Rfc1 Bd7 20. a4 a6 21. Na3 Rg7 22.
Nc4 b6 23. a5 b5 24. Nb6 Ra7 25. Ra3 Rc7 26. Rc3 Rxc3 27. Qxc3 Kh7 28. Kf1 Ng8
29. Nxd7 Rxd7 30. Qc8 Qxc8 31. Rxc8 Ngf6 32. Rc6 Nc7 33. Nd3 Ng8 34. Nb4 Ne7
35. Rb6 Nc8 36. Rb8 Rd8 37. Nc6 1-0

[Event "9. Forchheimer Sparkassen Open 2010"]
[Site "Forchheim"]
[Date "2010.10.01"]
[Round "1.24"]
[White "Becker, Tobias"]
[Black "Schweizer, Manfred"]
[Result "0-1"]
[WhiteElo "1859"]
[BlackElo "2091"]
[PlyCount "64"]
[EventDate "2010.??.??"]
[WhiteTeam "Kronacher SK 1882 e.V."]
[BlackTeam "Post-SV Memmingen e.V."]

1. d4 Nf6 2. c4 g6 3. Nc3 Bg7 4. e4 d6 5. f3 O-O 6. Be3 e5 7. d5 Nh5 8. Nge2 f5
9. Qd2 a6 10. Nc1 Nd7 11. Nd3 Ndf6 12. g3 fxe4 13. Nxe4 Nxe4 14. fxe4 Bg4 15.
Be2 Nf6 16. Nf2 Qd7 17. O-O-O Bxe2 18. Qxe2 c5 19. g4 b5 20. h4 bxc4 21. h5 Qa4
22. hxg6 hxg6 23. g5 Qxa2 24. gxf6 c3 25. Nd3 c4 26. fxg7 cxd3 27. gxf8=Q+ Rxf8
28. Rxd3 Rc8 29. Rxc3 Rxc3+ 30. Kd1 Qb1+ 31. Kd2 Rc2+ 32. Kd3 Rc1+ 0-1

[Event "9. Forchheimer Sparkassen Open 2010"]
[Site "Forchheim"]
[Date "2010.10.01"]
[Round "1.25"]
[White "Barthelmann, Benno"]
[Black "Pfadenhauer, Johannes"]
[Result "0-1"]
[WhiteElo "2101"]
[BlackElo "1764"]
[PlyCount "98"]
[EventDate "2010.??.??"]
[WhiteTeam "SF Ravensburg"]
[BlackTeam "Kronacher SK 1882 e.V."]

1. c4 e5 2. Nc3 g6 3. Nf3 Bg7 4. g3 d6 5. Bg2 Nc6 6. O-O f5 7. d3 Nf6 8. Rb1
O-O 9. b4 h6 10. b5 Ne7 11. a4 Be6 12. Ba3 Qd7 13. c5 f4 14. cxd6 cxd6 15. Ne4
Nxe4 16. dxe4 Rfd8 17. b6 Nc6 18. Nh4 Kh7 19. Re1 Na5 20. bxa7 Rxa7 21. Rb5 Qc8
22. e3 Nc4 23. Bc1 fxg3 24. hxg3 Bd7 25. Rb4 Qc5 26. Qb3 Rc8 27. Rd1 b5 28.
axb5 Ra1 29. Qc3 Nxe3 30. Qxa1 Nxd1 31. Ba3 Qxf2+ 32. Kh2 Ne3 33. Rb2 Ng4+ 34.
Kh3 Qe3 35. Nf3 Ra8 36. Ra2 Be6 37. Bc1 Rxa2 38. Qxa2 Bxa2 39. Bxe3 Nxe3 40.
Nd2 Be6+ 41. Kh2 Nxg2 42. Kxg2 Bf8 43. b6 Bc8 44. Nc4 Bb7 45. Kf3 d5 46. Na5
dxe4+ 47. Kg2 Bd5 48. b7 Bd6 49. Nc4 Bxc4 0-1

[Event "9. Forchheimer Sparkassen Open 2010"]
[Site "Forchheim"]
[Date "2010.10.01"]
[Round "1.26"]
[White "Duzy, Stefan"]
[Black "Schäfers, Andreas"]
[Result "1-0"]
[WhiteElo "1949"]
[BlackElo "2022"]
[PlyCount "115"]
[EventDate "2010.??.??"]
[WhiteTeam "Erfurter Schachklub"]
[BlackTeam "Schachvereinigung Lüdenscheid e."]

1. d4 Nf6 2. Nf3 e6 3. Bf4 d5 4. e3 c5 5. c3 Nc6 6. Be2 Be7 7. h3 O-O 8. O-O
Bd7 9. Nbd2 Rc8 10. Ne5 a6 11. a4 Be8 12. Nxc6 Bxc6 13. dxc5 Bxc5 14. b4 Bd6
15. Bxd6 Qxd6 16. Qb3 b5 17. a5 Bb7 18. Rac1 Rc7 19. Rc2 Bc8 20. Bd3 e5 21. Qb2
Be6 22. Nb3 e4 23. Be2 Qe5 24. Rfc1 Qg5 25. Kh1 Nd7 26. Nd4 Ne5 27. Rd1 Rfc8
28. Qc1 Qh4 29. Bf1 g5 30. Qd2 Qh6 31. f3 exf3 32. gxf3 Qh4 33. Qh2 Nc6 34.
Nxe6 fxe6 35. Rg2 Kf7 36. Rg4 Qh6 37. h4 gxh4 38. Rxh4 Qxe3 39. Rxh7+ Ke8 40.
Rxc7 Rxc7 41. Qxc7 Qxf3+ 42. Kg1 Qxd1 43. Qxc6+ Ke7 44. Qc5+ Kd7 45. Qa7+ Ke8
46. Qxa6 Qg4+ 47. Kf2 Qf4+ 48. Ke2 Qc4+ 49. Kd2 Qxf1 50. Qxe6+ Kf8 51. Qxd5
Qf2+ 52. Kd3 Qg3+ 53. Kd4 Qf2+ 54. Ke5 Qg3+ 55. Ke6 Qg8+ 56. Kd6 Qg3+ 57. Kc6
Qxc3+ 58. Qc5+ 1-0

[Event "9. Forchheimer Sparkassen Open 2010"]
[Site "Forchheim"]
[Date "2010.10.01"]
[Round "1.27"]
[White "Bader, Dominic"]
[Black "Ruff, Maximilian"]
[Result "0-1"]
[WhiteElo "2127"]
[BlackElo "1981"]
[PlyCount "92"]
[EventDate "2010.??.??"]
[WhiteTeam "SC 1947 Beilngries"]
[BlackTeam "SC Brandeck-Turm Ohlsbach e.V."]

1. e4 e5 2. Nc3 Nf6 3. f4 d5 4. fxe5 Nxe4 5. Nf3 Be7 6. d4 Bf5 7. Be3 O-O 8.
Bd3 Nxc3 9. bxc3 Bxd3 10. Qxd3 Nd7 11. Rb1 Rb8 12. c4 Nb6 13. cxd5 Qxd5 14. O-O
c5 15. Rxb6 axb6 16. c4 Qd7 17. d5 Rfd8 18. d6 h6 19. Qe4 Bf8 20. Nh4 Qe6 21.
Nf5 Bxd6 22. Qg4 Qxe5 23. Bf4 Qf6 24. Nxh6+ Kh7 25. Bg5 Bxh2+ 26. Kxh2 Qxf1 27.
Qe4+ g6 28. Bxd8 Rxd8 29. Qh4 Rd4 30. Ng4+ Kg7 31. Qh6+ Kg8 32. Kg3 Qd3+ 33.
Ne3 Re4 34. Kf3 Rxe3+ 35. Qxe3 Qxe3+ 36. Kxe3 Kf8 37. Ke4 Ke7 38. Ke5 f6+ 39.
Kd5 Kd7 40. a4 Ke7 41. g3 Kd7 42. Ke4 Ke6 43. Kf4 g5+ 44. Ke4 f5+ 45. Kf3 Ke5
46. Ke3 f4+ 0-1

[Event "9. Forchheimer Sparkassen Open 2010"]
[Site "Forchheim"]
[Date "2010.10.01"]
[Round "1.28"]
[White "Feldheim, Jonas"]
[Black "Barnickel, Josef"]
[Result "1/2-1/2"]
[WhiteElo "1900"]
[BlackElo "2048"]
[PlyCount "70"]
[EventDate "2010.??.??"]
[WhiteTeam "SC Ansbach 1855 e.V."]
[BlackTeam "SF Windheim e.V."]

1. e4 c5 2. Nf3 Nc6 3. c3 Nf6 4. e5 Nd5 5. d4 cxd4 6. cxd4 d6 7. Bc4 Nb6 8. Bb3
Bf5 9. O-O e6 10. Nc3 d5 11. h3 Be7 12. Bf4 g5 13. g4 Bg6 14. Bg3 h5 15. Bc2
Kd7 16. Bxg6 fxg6 17. Nb5 Qg8 18. Kg2 Rf8 19. Rc1 hxg4 20. hxg4 Nc8 21. a4 Qh7
22. Rh1 Qf7 23. Qe2 Qg7 24. Qd2 Qf7 25. Qe2 a6 26. Nc3 Bd8 27. Qe3 Qe7 28. Qd3
Rhg8 29. Rh6 Qf7 30. Rch1 Rg7 31. Qe3 Qe7 32. Ne2 Rgf7 33. Neg1 Rg7 34. Ne2
Rgf7 35. Neg1 Rg7 1/2-1/2

[Event "9. Forchheimer Sparkassen Open 2010"]
[Site "Forchheim"]
[Date "2010.10.01"]
[Round "1.29"]
[White "Klein, Gernot"]
[Black "Weigert, Wilhelm"]
[Result "1-0"]
[WhiteElo "1930"]
[BlackElo "2024"]
[PlyCount "55"]
[EventDate "2010.??.??"]
[WhiteTeam "Post-Telekom SV 1925 Aachen e.V."]
[BlackTeam "SK Kelheim 1920"]

1. e4 d6 2. d4 Nf6 3. Nc3 g6 4. Bg5 Bg7 5. Qd2 c6 6. f4 b5 7. Bd3 O-O 8. Nf3
Bg4 9. O-O Qb6 10. Ne2 Nbd7 11. Kh1 Rac8 12. c3 Rfe8 13. Rae1 a5 14. f5 e5 15.
h3 Bxf3 16. Rxf3 d5 17. Ng3 exd4 18. fxg6 fxg6 19. e5 Ne4 20. Bxe4 dxe4 21.
Nxe4 Bxe5 22. cxd4 Bxd4 23. Nd6 Ne5 24. Nxc8 Rxc8 25. Rff1 c5 26. b3 Rf8 27.
Rxf8+ Kxf8 28. Qf4+ 1-0

[Event "9. Forchheimer Sparkassen Open 2010"]
[Site "Forchheim"]
[Date "2010.10.01"]
[Round "1.30"]
[White "Sha, Siyu"]
[Black "Kempe, Frank"]
[Result "0-1"]
[WhiteElo "1918"]
[BlackElo "2073"]
[PlyCount "66"]
[EventDate "2010.??.??"]
[WhiteTeam "SC Noris-Tarrasch Nürnberg 1873"]
[BlackTeam "Südlohner Schachverein 1956 e.V."]

1. e4 e6 2. d4 d5 3. e5 c5 4. c3 Nc6 5. Nf3 Qb6 6. a3 Bd7 7. b4 c4 8. a4 f6 9.
Bf4 f5 10. Be2 O-O-O 11. Na3 a5 12. b5 Na7 13. O-O Bxa3 14. Rxa3 Nh6 15. Bxh6
gxh6 16. Qd2 Rdg8 17. Nh4 Rg5 18. Nf3 Rg6 19. h4 Rhg8 20. g3 Qd8 21. h5 R6g7
22. Qxh6 Qf8 23. Qc1 f4 24. Ra1 Be8 25. Nh4 fxg3 26. fxg3 Rxg3+ 27. Kh2 Qe7 28.
Rf6 Qg7 29. Qf1 Qg5 30. Qf4 Rg2+ 31. Kh1 Rg1+ 32. Kh2 Qxf4+ 33. Rxf4 Rxa1 0-1

[Event "9. Forchheimer Sparkassen Open 2010"]
[Site "Forchheim"]
[Date "2010.10.01"]
[Round "1.31"]
[White "Steppuhn, Thomas"]
[Black "Winand, Edgar"]
[Result "1-0"]
[WhiteElo "2025"]
[BlackElo "1976"]
[PlyCount "77"]
[EventDate "2010.??.??"]
[WhiteTeam "SC Bavaria Regensb.1881"]
[BlackTeam "SC Königliche Trakehner Oberurse"]

1. d4 d6 2. Nf3 g6 3. e3 Bg7 4. Bd3 Nc6 5. O-O e5 6. d5 Nce7 7. e4 h6 8. c4 f5
9. Nc3 Nf6 10. Qe2 O-O 11. Bd2 f4 12. b4 g5 13. Rac1 Ng6 14. h3 g4 15. hxg4
Bxg4 16. Qd1 Nh5 17. Be2 Ng3 18. fxg3 fxg3 19. Qe1 Bxf3 20. Rxf3 Rxf3 21. Bxf3
Qh4 22. Ne2 Qh2+ 23. Kf1 Qh1+ 24. Ng1 Qh2 25. Ne2 Qh1+ 26. Ng1 Qh2 27. Ke2 Rf8
28. Kd3 Qh4 29. Ne2 Nf4+ 30. Nxf4 exf4 31. Bc3 Re8 32. Bxg7 Kxg7 33. c5 Qe7 34.
Qc3+ Kg6 35. cxd6 Qxd6 36. Qxc7 Qa6+ 37. Qc4 Qb6 38. Qc5 Qa6+ 39. b5 1-0